| 000 | 00835nam a2200265Ia 4500 | ||
|---|---|---|---|
| 003 | GCL | ||
| 008 | 140319s9999 xx 000 0 ara d | ||
| 040 |
_aGCL / _cGCL |
||
| 082 | 0 | 4 |
_a001.5 _bس ا |
| 100 | 1 | _aالسيد عليوة | |
| 245 | 1 | 0 |
_aاستراتيجية الاعلام العربى / _cالسيد عليوة |
| 260 |
_a[S.N] : _bالهيئة المصرية العامة للكتاب ، _c1990 |
||
| 300 | _a298 | ||
| 490 | _a | ||
| 650 | 0 | 4 | _aالعالم العربى |
| 650 | 0 | 4 | _aالتليفزيون |
| 650 | 0 | 4 | _aالجوانب الاجتماعية |
| 650 | 0 | 4 | _aالاعلام |
| 650 | 0 | 4 | _aالدعاية |
| 650 | 0 | 4 | _aوسائل الاعلام |
| 650 | 0 | 4 | _aالرأى العام |
| 650 | 0 | 4 | _aالجوانب السياسية |
| 650 | 0 | 4 | _aالاتصال - علم اجتماع |
| 942 |
_2ddc _cBK |
||
| 999 |
_c30050 _d30050 |
||